| 000 | 00000nam##2200000za#4500 |
| 001 | 9.566781 |
| 003 | CaOODSP |
| 005 | 20250129103331 |
| 007 | cr ||||||||||| |
| 008 | 150406|2006||||xxc|||||o f|0| 0 eng|d |
| 040 | |aCaOODSP|beng |
| 043 | |an-cn--- |
| 086 | 1 |aEn57-36/2006-3E-PDF |
| 110 | 2 |aMeteorological Service of Canada. |
| 245 | 10|aCanada-wide standards achievement in the Atlantic Region : |h[electronic resource]|bmodel results for New Brunswick - part II / |c[by] T. Colleen Farrell. |
| 260 | |aDartmouth - Nova Scotia : |bEnvironment Canada. |cAugust 2006. |
| 300 | |a42p.|bgraphs, maps, references, tables |
| 490 | 1 |aScience report series|v2006-03 |
| 590 | |a10-10-Supp|b2010-11-09 |
| 720 | 1 |aFarrell, T. Colleen |
| 830 | #0|aScience report series (Meteorological Service of Canada. Atlantic Region)|v2006-03|w(CaOODSP)9.505618 |
| 856 | 40|ahttp://publications.gc.ca|qPDF|s887 KB|uhttps://publications.gc.ca/collections/collection_2009/ec/En57-36-2006-3E.pdf|y2006-03 |